000 02116cam a22002891i 4500
003 SA-RiAUC
005 20251031141144.0
008 251028s1992 ua g 000 0 ara c
040 _aSA-EnSBSSC
_bara
_cSA-RiAUC
_erda
050 4 _b.L34 1992
082 0 4 _a229.1
090 _a229.1
_bل ح ي
100 1 _aاللحيدان، عبد الله بن إبراهيم
_eمؤلف.
245 1 2 _aالبكاء عند قراءة القرآن /
_cإعداد وترتيب عبد الله بن إبراهيم اللحيدان.
250 _aالطبعة الثانية.
264 1 _aالقاهرة :
_bدار الشهاب،
_c1992
300 _a54 صفحة ؛
_c12 × 17 سم
336 _aنص
_btxt
_2rdacontent
_3كتاب
337 _aبدون وسيط
_bn
_2rdamedia
338 _aمجلد
_bnc
_2rdacarrier
630 2 7 _aالقرآن
_xآداب التلاوة
_2aucut
730 2 2 _aالقرآن
856 _uhttp://www.saaid.net/book/7/1018.doc
_yDigital Copy
_2 نرجو الانتباه لإمكانية وجود اختلاف في الطبعة أو الناشر بين البيانات على البوابة وما ستجده على الكتاب نظرا لمحدودية المعلومات المتاحة على الموقع الناشر للمادة.
_3Please note that there may be a difference in the edition or publisher between the data on the portal and the book due to the limited information available on the publisher website for the material.
856 _uhttp://saaid.net/book/open.php?cat=82&book=1890
_yExternal Link
_2 نرجو الانتباه لإمكانية وجود اختلاف في الطبعة أو الناشر بين البيانات على البوابة وما ستجده على الكتاب نظرا لمحدودية المعلومات المتاحة على الموقع الناشر للمادة.
_3Please note that there may be a difference in the edition or publisher between the data on the portal and the book due to the limited information available on the publisher website for the material.
942 _2ddc
_cBOOK
_n0
949 _aSA-JeALM
_d251028
_umohamedma123
_n1
999 _c12896
_d12896